Land regeneration (Record no. 74652)

MARC details
000 -LEADER
fixed length control field 01285cab a2200241 4500
001 - CONTROL NUMBER
control field ABS68526
008 - FIXED-LENGTH DATA ELEMENTS--GENERAL INFORMATION
fixed length control field 041206n2004 000 0 eng u
035 ## - SYSTEM CONTROL NUMBER
System control number (Sirsi) u128214
100 ## - MAIN ENTRY--PERSONAL NAME
Personal name Gillman, S.
245 ## - TITLE STATEMENT
Title Land regeneration
260 ## - PUBLICATION, DISTRIBUTION, ETC.
Date of publication, distribution, etc. 2004
490 ## - SERIES STATEMENT
Series statement Planning (for the Natural and Built Environment)
Volume/sequential designation (1597) 26 November 2004, 14-18(4)
520 ## - SUMMARY, ETC.
Summary, etc. A series of three articles looking at land generation issues. "Land regeneration takes centre stage" calls for the creation of a development strategy framework to fully utilise available brownfield sites. Includes case study of Hatfield business park. Looks at the use of compulsory purchase orders as a means of unlocking brownfield sites for development. "Developers bemoan hurdles" suggests that European directives and court rulings on landfill waste such as "Van de Walle v Texaco Belgium SA ([2004] EUECJ C-1/03)"are hindering brownfield developers. "The remediation challenge" identifies key remediation issues affecting brownfield development.
590 ## - LOCAL NOTE (RLIN)
Local note ABS
650 ## - SUBJECT ADDED ENTRY--TOPICAL TERM
Topical term or geographic name entry element REGENERATION
650 ## - SUBJECT ADDED ENTRY--TOPICAL TERM
Topical term or geographic name entry element LAND
650 ## - SUBJECT ADDED ENTRY--TOPICAL TERM
Topical term or geographic name entry element BROWNFIELD SITES
650 ## - SUBJECT ADDED ENTRY--TOPICAL TERM
Topical term or geographic name entry element CONTAMINATED LAND
650 ## - SUBJECT ADDED ENTRY--TOPICAL TERM
Topical term or geographic name entry element REMEDIATION
650 ## - SUBJECT ADDED ENTRY--TOPICAL TERM
Topical term or geographic name entry element VAN DE WALLE V TEXACO BELGIUM SA
690 ## - LOCAL SUBJECT ADDED ENTRY--TOPICAL TERM (OCLC, RLIN)
Topical term or geographic name as entry element DEVELOPMENT-SUSTAINABLE
942 ## - ADDED ENTRY ELEMENTS (KOHA)
Suppress in OPAC 0
Holdings
Withdrawn status Lost status Source of classification or shelving scheme Damaged status Not for loan Home library Current library Shelving location Date acquired Total Checkouts Full call number Barcode Date last seen Copy number Price effective from Koha item type
    Dewey Decimal Classification     London London Journal article 06/12/2004   ABS68526 128214-1001 06/08/2019 1 06/08/2019 Journal article